First course in string theory (Record no. 1210748)

MARC details
000 -LEADER
fixed length control field 01033nam a2200325Ia 4500
003 - CONTROL NUMBER IDENTIFIER
control field OSt
005 - DATE AND TIME OF LATEST TRANSACTION
control field 20221007122650.0
008 - FIXED-LENGTH DATA ELEMENTS--GENERAL INFORMATION
fixed length control field 221006b |||||||| |||| 00| 0 eng d
020 ## - INTERNATIONAL STANDARD BOOK NUMBER
International Standard Book Number 9780521176330 (Pbk)
037 ## - SOURCE OF ACQUISITION
Terms of availability Textual
040 ## - CATALOGING SOURCE
Original cataloging agency PAPL
Transcribing agency PAPL
Language of cataloging eng
041 ## - LANGUAGE CODE
Source of code eng
Language code of text/sound track or separate title eng
100 ## - MAIN ENTRY--PERSONAL NAME
Personal name Zwiebach Barton
245 #0 - TITLE STATEMENT
Title First course in string theory
250 ## - EDITION STATEMENT
Edition statement 2
260 ## - PUBLICATION, DISTRIBUTION, ETC.
Place of publication, distribution, etc. New
Name of publisher, distributor, etc. Delhi C U P
Date of publication, distribution, etc. 2009
300 ## - PHYSICAL DESCRIPTION
Extent xii:673p.
Dimensions cm.
500 ## - GENERAL NOTE
General note Include bibliographical references 659-666p; Index 667-673p
650 ## - SUBJECT ADDED ENTRY--TOPICAL TERM
Topical term or geographic name entry element Electromac reaction
9 (RLIN) 714840
650 ## - SUBJECT ADDED ENTRY--TOPICAL TERM
Topical term or geographic name entry element Gravitation dimension
9 (RLIN) 714841
650 ## - SUBJECT ADDED ENTRY--TOPICAL TERM
Topical term or geographic name entry element String development
9 (RLIN) 714842
650 ## - SUBJECT ADDED ENTRY--TOPICAL TERM
Topical term or geographic name entry element String theory
9 (RLIN) 713986
650 ## - SUBJECT ADDED ENTRY--TOPICAL TERM
Topical term or geographic name entry element Physics
942 ## - ADDED ENTRY ELEMENTS (KOHA)
Classification part CN30, P9;8-;11 CARPA
Koha item type Textual
Source of classification or shelving scheme Colon Classification (CC)
Holdings
Withdrawn status Lost status Source of classification or shelving scheme Damaged status Not for loan Home library Current library Date acquired Source of acquisition Total Checkouts Full call number Barcode Date last seen Price effective from Koha item type
    Colon Classification (CC)     Department of Physics and Astrophysics Library Department of Physics and Astrophysics Library 2022-10-07 1390, 23/09/2011, Ashutosh Technical Books   CN30 P9;8-;11 CARPA PA0006851 2022-10-07 2022-10-07 Textual
Copyright @ Delhi University Library System